Фундаментальные проблемы воды и водных ресурсов на рубеже третьего тысячелетия: Материалы Международной научной конференции, Томск, 3-7 сентября 2000 г.

Podrobná bibliografie
Korporace: Томский политехнический университет (ТПУ), Фундаментальные проблемы воды и водных ресурсов на рубеже третьего тысячелетия международная научная конференция
Shrnutí:В сборнике приводятся материалы фундаментальных и частично прикладных исследований по проблемеводы и водных ресурсов, которые рассмотрены и одобрены оргкомитетом конференции. Все материалы приводятся в авторском изложении. Поэтому ответственность за содержание представленных для публикации мате-риалов ложится на авторов. По всем вопросам издания материалов и их распространения обращаться в Томский филиал Института геологии нефти и газа СО РАН, e-mail tf@igng.tsc.ru , тел./факс (3822) 259163
Jazyk:ruština
Vydáno: Томск, Изд-во НТЛ, 2000
Témata:
Médium: Kniha
KOHA link:https://koha.lib.tpu.ru/cgi-bin/koha/opac-detail.pl?biblionumber=22804

MARC

LEADER 00000nam0a2200000 4500
001 22804
005 20231030194855.0
010 |a 5895030793 
035 |a (RuTPU)RU\TPU\book\23018 
035 |a BOOK00000782 
090 |a 22804 
100 |a 20011209d2000 k y0rusy50 ca 
101 0 |a rus 
102 |a RU 
105 |a a z 100zy 
200 1 |a Фундаментальные проблемы воды и водных ресурсов на рубеже третьего тысячелетия  |e Материалы Международной научной конференции, Томск, 3-7 сентября 2000 г.  |f ТПУ 
210 |a Томск  |c Изд-во НТЛ  |d 2000 
215 |a 662 с.  |c ил. 
330 |a В сборнике приводятся материалы фундаментальных и частично прикладных исследований по проблемеводы и водных ресурсов, которые рассмотрены и одобрены оргкомитетом конференции. Все материалы приводятся в авторском изложении. Поэтому ответственность за содержание представленных для публикации мате-риалов ложится на авторов. По всем вопросам издания материалов и их распространения обращаться в Томский филиал Института геологии нефти и газа СО РАН, e-mail tf@igng.tsc.ru , тел./факс (3822) 259163 
610 1 |a гидрология 
610 1 |a вода 
610 1 |a ресурсы 
610 1 |a конференции 
610 1 |a Томск 
610 1 |a труды учёных ТПУ 
675 |a 556(063)  |v 3 
712 0 2 |a Томский политехнический университет (ТПУ)  |z 1991-  |2 stltpush  |3 (RuTPU)RU\TPU\col\376 
712 1 2 |a Фундаментальные проблемы воды и водных ресурсов на рубеже третьего тысячелетия  |b международная научная конференция  |e Томск  |f 2000 
801 0 |a RU  |b 63413507  |c 20011209  |g PSBO 
801 2 |a RU  |b 63413507  |c 20090408  |g PSBO 
942 |c BK